000 00532nam a2200157 a 4500
001 000037688
005 20240301073829.0
008 121115s2012 dr a 000 0 spa d
020 _a9789945164718
040 _aDO-SdBNP
_bspa
_cBNPHU
100 1 _aRaful, Tony,
_d1951-
_91377
245 1 0 _aMirándote bailar :
_bcantatas y partituras para amantes y duendes /
_cTony Raful.
260 _aSanto Domingo :
_bBúho,
_c2012.
300 _a92 p. :
_bil. ;
_c25 cm.
500 _aIncluye datos biográficos del autor en la solapa de la cubierta
999 _c37178
_d37178